000 00353cam a2200145ua 4500
041 _aeng
_h
082 _a512
_bHER/TO
100 _aHerstein, I.N .
245 _aTopics in algebra /
_cI.N Herstein.
_hTextual Documents
260 _aNew York :
_bJohn Wiley & Sons ,
_c2007.
300 _a388 ; .
504 _a
942 _cBK
999 _c13154
_d13154